| 000 | 00725nam a22002537a 4500 | ||
|---|---|---|---|
| 001 | 0074 | ||
| 003 | DO-SdBNP | ||
| 005 | 20230515130501.0 | ||
| 007 | 0074 | ||
| 008 | 160309b mx 19--? xxu ||||| |||| 00| 0 spa d | ||
| 040 |
_aBPMSU _bspa _cBPMSU |
||
| 082 | 4 |
_a862.5 _bG216bo _222 |
|
| 100 | 1 |
_aGarcía Lorca, Federico _d1898-1936. |
|
| 245 | 1 | 0 |
_aBodas de sangre / _cFederico García Lorca. |
| 260 |
_aMéxico : _bMexícanos unidos, _c[190-? ] |
||
| 300 |
_a133 p. : _bil. ; _c21 cm. |
||
| 490 | 0 | _aTeatro | |
| 590 | _6Inventariado, 2023/VM | ||
| 650 | 4 | _aTeatro español | |
| 650 | 4 |
_aEmociones _vTeatro |
|
| 650 | 4 | _aLiteratura española | |
| 910 | _aBTavárez/ V. Mateo V. Control de calidad (BPMSU) | ||
| 942 |
_2ddc _cBK |
||
| 999 |
_c9167 _d9167 |
||